00458nam a2200157Ia 4500008004100000040001900041041001200060082003200072100001700104245005900121260003100180300002600211504001900237650002400256850002000280131103s9999 xx 000 0 und d aLoreto College aEnglish a370.9/MONbLCLIB/Ed Sem Lib aMonroe, Paul 2aA Text - book in the history of educationcPaul Monroe aNew YorkbMacMillan c1960 axxii,772 p. c 22 cm. aIncludes index aEducation - History aLCLIB/370.9/MON